000 00665nam a2200217Ia 4500
005 20250508151450.0
008 008 250505s9999 xx 000 0 eng d
037 _aTextual
040 _aFEDL
_beng
_cFEDL
041 _aeng
_2eng
084 _a150.195, BAR
_qFEDL
100 _aBarker Roger
245 0 _aFrustration and regression: An experiment with young children
260 _aLowa
_bUniversity of Lowa Press
_c1941
300 _axv,314p
490 _aStudes in topplogical and vector psychology; 2
650 _aPsychology
700 _a Dembo Tamara Lewin Kurt
_9759214
942 _cTEXL
_h150.195, BAR
999 _c1329980
_d1329980